000 00802nam a2200205Ii 4500
003 JO-AjNU
008 230605s9999||||xx |||||||||||||| ||und||
040 _aJO-AjNU
_bara
_erda
_cJO-AjNU
041 _aara
050 1 4 _aBP1049.H36 2008
100 3 _aحماد، حمزة عبد الكريم محمد,
_eauthor
_930662
245 0 0 _aمخاطر الإستثمار في المصارف الإسلامية
250 _aط1
264 3 1 _aعمان: دار النفائس للنشر والتوزيع، 2008
300 _a254ص
_bفهرس المصادر والمراجع ص 217-243
336 _atext
_btxt
_2rdacontent
337 _aunmediated
_bn
_2rdamedia
338 _avolume
_bnc
_2rdacarrier
650 4 _aالبنوك الاسلامية- الاستثمار- الاقتصاد الاسلامي
_930663
999 _aA12181
_c15749
_d15749